000 01201nam2a22002531 4500
001 RU\NLR\INFOCOMM17\1000418557
005 20250617071306.0
035 _a(NLR Aleph) 002544173
090 _a2961480
_c2961480
100 _a20040518d1959 |||y0rusy50 ca
101 0 _arus
102 _aRU
105 _ay |||||||||
200 1 _aИздание топографических карт с цветных тиражных оттисков
_fВ.М. Периков
210 _d1959
_aБ. м.
461 0 _1001RU\NLR\INFOCOMM17\1000418541
_12001#$aБюллетень научно-технической информации$fНауч.-исслед. ин-т военно-топогр. службы$v№22
_92961351
_aНИИ военно-топографической службы (Москва)
_cМ.
_d1956-
_fНауч.-исслед. ин-т военно-топогр. службы
_nРед.-изд. отд. ВТС
_tБюллетень научно-технической информации
_v№22
700 1 _aПериков
_bВ.М.
_4070
801 1 _aRU
_bInfoComm
_c20040518
801 0 _aRU
_bNLR
_gPSBO
852 _aNLR
_jП10/1780
942 _cISSUE
980 _aNB
980 _aRUSPER